[Event "1st Archibald 2019"]
[Site "Sochi"]
[Date "2019.05.12"]
[Round "1.1"]
[White "Kovalenko, Igor"]
[Black "Zakaryan, David"]
[Result "1-0"]
[WhiteElo "2663"]
[BlackElo "2350"]
[Annotator "TA"]
[PlyCount "45"]
[EventDate "2019.05.12"]
[EventType "swiss"]
[EventCountry "RUS"]
[SourceTitle "playchess.com"]
[Source "ChessBase"]
[SourceQuality "1"]

{[%evp 9,45,11,17,19,24,-13,10,8,6,6,0,6,37,36,38,17,33,24,18,20,22,8,28,24,93,97,99,87,118,27,136,143,160,161,163,149,360,352]} 1. d4 Nf6 2. Bg5 Ne4 3. Bf4 d5 4. e3 e6 5. Bd3 b6 (5... Bd6 6. Bxe4 Bxf4 7. exf4 dxe4 8. Nc3 Nc6 9. Nge2 f5 10. Qd2 O-O 11. O-O-O a5 12. h3 a4 13. a3 b5 {½-½ (58) Vitiugov,N (2726)-Grandelius,N (2643) Doha 2016}) 6. Bxe4 {A45: Trompowsky Attack} (6. Qf3 {seems wilder.} Nd6 7. Ne2 Bb7 8. Nbc3 Nd7 9. O-O-O) 6... dxe4 7. h4 $146 ({Predecessor:} 7. Nc3 Bb7 8. Nge2 Bd6 9. Bxd6 Qxd6 10. Ng3 f5 11. Qh5+ g6 12. Qg5 Kf7 13. Nge2 {½-½ (43) Flom,G (2515)-Bartel,M (2604) Biel 2018}) 7... c5 8. Nc3 {The position is equal.} cxd4 9. Qxd4 Qxd4 10. exd4 Bb4 11. Nge2 Bb7 12. O-O-O Nd7 13. Nb5 $36 {[%mdl 2048] a3 is the strong threat. Black is under pressure.} O-O 14. a3 Be7 15. Nec3 a6 16. Bd6 axb5 (16... Rae8 $1 $11 {keeps the balance.} 17. Bxe7 Rxe7) 17. Bxe7 $16 Rfe8 18. Bd6 Bc6 19. Rhe1 (19. d5 $16 Bxd5 20. Nxd5 exd5 21. Rxd5) 19... Rad8 {[#]} (19... Nf6 $11) 20. Bf4 $1 ({Avoid the trap} 20. Nxe4 $2 Bxe4 21. Rxe4 Nf6 $19) 20... f5 21. d5 exd5 22. Nxd5 {Threatens to win with Nb4.} Kf7 $2 (22... Rc8 $16 23. Re3 Kf7) 23. Nb4 {Accuracy: White = 61%, Black = 24%.} 1-0

[Event "1st Archibald 2019"]
[Site "Sochi"]
[Date "2019.05.12"]
[Round "1.2"]
[White "Solozhenkina, Elizaveta"]
[Black "Dreev, Aleksey"]
[Result "0-1"]
[WhiteElo "2329"]
[BlackElo "2662"]
[Annotator "TA"]
[PlyCount "60"]
[EventDate "2019.05.12"]
[EventType "swiss"]
[EventCountry "RUS"]
[SourceTitle "playchess.com"]
[Source "ChessBase"]
[SourceQuality "1"]

{[%evp 17,60,31,41,48,48,38,14,18,14,7,20,20,48,52,50,18,25,39,24,0,0,0,0,0,0,-13,-15,-75,-75,-76,-76,-70,-70,-88,-65,-43,-22,-126,-120,-667,-582,-636,-625,-761,-761]} 1. e4 c5 2. Nf3 e6 3. Nc3 Nc6 4. d4 cxd4 5. Nxd4 Nf6 6. Ndb5 d6 7. Bf4 e5 8. Bg5 a6 9. Na3 Be6 10. Nc4 {B33: Sicilian: Pelikan and Sveshnikov Variations} Rb8 11. a4 Nb4 (11... h6 12. Bxf6 Qxf6 13. Nd5 Bxd5 14. exd5 Na7 15. Be2 Be7 16. O-O Bd8 17. Qd2 O-O {½-½ (48) Brkic,A (2563)-Mamedov,R (2703) Skopje 2018}) 12. Nd5 {The position is equal.} Nbxd5 13. exd5 Bf5 14. Bd3 Bg6 15. O-O Be7 16. f4 $146 ({Predecessor:} 16. a5 O-O 17. Bxf6 Bxf6 18. Bxg6 hxg6 {½-½ (42) Sawatzki,F (2344)-Pfreundt,J (2288) Germany 2017}) 16... exf4 17. Bxf6 Bxf6 18. Qe2+ Kf8 19. Rxf4 b5 20. axb5 axb5 21. Nd2 Bxb2 22. Bxg6 (22. Rb1 $11 Bc3 23. Nf3) 22... hxg6 $17 23. Raf1 Kg8 {[#] And now ...Be5 would win.} 24. g3 ({Avoid the trap} 24. Rxf7 $2 Bd4+ 25. R1f2 Bxf2+ 26. Rxf2 Qe8 $19) 24... Rb7 25. Re4 {Strongly threatening Re8+.} Be5 26. Nf3 f6 27. Nxe5 (27. Rb1 $11) 27... dxe5 28. Qg4 $2 {[%mdl 8192] [#]} (28. Rd1 $17) 28... Qb6+ $1 $19 {Black is clearly winning.} ({Weaker is} 28... f5 29. Qxg6 fxe4 30. Qe6+ Kh7 31. Qh3+ Kg8 32. Qe6+ Kh7 33. Qh3+ Kg8 34. Qe6+ $11) 29. Kg2 {Threatens to win with Qc8+.} f5 {[%mdl 64] Double Attack} 30. Qg5 Rh5 {Accuracy: White = 35%, Black = 85%.} 0-1

[Event "1st Archibald 2019"]
[Site "Sochi"]
[Date "2019.05.12"]
[Round "1.3"]
[White "Alekseev, Evgeny"]
[Black "Gharagyozyan, Artur"]
[Result "1-0"]
[WhiteElo "2647"]
[BlackElo "2321"]
[Annotator "TA"]
[PlyCount "91"]
[EventDate "2019.05.12"]
[EventType "swiss"]
[EventCountry "RUS"]
[SourceTitle "playchess.com"]
[Source "ChessBase"]
[SourceQuality "1"]

{[%evp 10,91,11,5,36,20,36,16,19,22,22,22,22,23,22,16,25,10,13,17,24,20,17,20,18,29,50,51,64,25,57,4,105,43,44,22,87,27,64,66,91,85,160,160,166,163,252,234,260,264,265,261,247,238,277,277,277,264,281,272,309,343,373,393,381,379,392,399,611,608,588,514,510,501,501,501,496,497,640,624,566,453,1110,1106]} 1. c4 Nf6 2. Nc3 e6 3. Nf3 d5 4. e3 c6 5. b3 Nbd7 6. Bb2 g6 {A11: English Opening: 1...c6} (6... b6 7. d4 Bb7 8. Bd3 Be7 9. O-O O-O 10. Qe2 c5 11. Rad1 Re8 12. cxd5 exd5 13. Ba6 Qc8 14. Bxb7 Qxb7 15. Qd3 Rad8 16. dxc5 Nxc5 17. Qb1 b5 18. Nd4 b4 19. Nce2 {0-1 (63) Shimanov,A (2610)-Baryshpolets,A (2578) Burlingame 2018}) 7. d4 Bg7 8. Bd3 O-O {The position is equal.} 9. O-O b6 10. Qe2 Bb7 11. Rfd1 Re8 12. Rac1 Rc8 13. cxd5 exd5 $146 ({Predecessor:} 13... Nxd5 14. Ne4 N7f6 {1-0 (66) Sorrentino,M (2039)-Capaldo,S (1532) Napoli 2008}) 14. Rc2 b5 15. Qf1 a6 16. Ne2 Ne4 17. Nf4 f5 18. Be2 g5 19. Nd3 g4 20. Nfe1 (20. Nd2 $14) 20... Re6 (20... c5 $1 $11) 21. Nf4 (21. f3 $1 $16 {[%cal Rf3e4]} gxf3 22. gxf3) 21... Rh6 $14 22. g3 Ng5 (22... c5 $11 {keeps the balance.}) 23. Ned3 (23. Neg2 $16) 23... Qe7 24. Rdc1 Re8 25. Bc3 c5 (25... Qd8 $142) 26. Nxc5 $16 Nxc5 27. Bb4 ({And not} 27. dxc5 Bxc3 28. Rxc3 d4 $15) 27... Bxd4 (27... Qe4 {keeps fighting.}) 28. exd4 $18 Qxe2 29. Qxe2 Rxe2 30. Rxe2 ({Weaker is} 30. Nxe2 Nf3+ 31. Kf1 Nd3 $15) 30... Nf3+ 31. Kf1 Rxh2 32. Re8+ ({Stronger than} 32. Bxc5 Rh1+ 33. Kg2 Rxc1 $11) 32... Kf7 33. Rxc5 Kxe8 34. Rc7 {And now Ne6 would win.} Rh1+ 35. Ke2 {Ne6 is the strong threat.} Nxd4+ 36. Ke3 Nc6 {Threatens to win with ...d4+.} 37. Bc5 d4+ 38. Kd2 Ra1 (38... Ba8 $142 39. Rc8+ {[%mdl 64] Double Attack} Kd7 40. Rxa8 a5) 39. Rxb7 {White is clearly winning.} Rxa2+ 40. Ke1 Ra1+ {[#]} 41. Ke2 $1 Ra2+ 42. Kd1 Ra1+ {[#]} 43. Kc2 $1 Ra2+ 44. Kb1 Rxf2 45. Rc7 d3 (45... Rf3 $142 46. Rxc6 Rxb3+ 47. Kc2 Rxg3) 46. Bxf2 {Accuracy: White = 68%, Black = 27%.} 1-0

[Event "1st Archibald 2019"]
[Site "Sochi"]
[Date "2019.05.12"]
[Round "1.4"]
[White "Najdin, Danil"]
[Black "Rakhmanov, Aleksandr"]
[Result "1/2-1/2"]
[WhiteElo "2314"]
[BlackElo "2629"]
[Annotator "TA"]
[PlyCount "120"]
[EventDate "2019.05.12"]
[EventType "swiss"]
[EventCountry "RUS"]
[SourceTitle "playchess.com"]
[Source "ChessBase"]
[SourceQuality "1"]

{[%evp 10,120,16,0,52,41,36,34,32,0,28,37,21,-14,0,0,0,-12,30,38,30,30,22,10,32,32,77,83,114,120,114,104,122,117,109,101,120,105,154,150,159,10,29,-6,211,222,421,406,358,0,0,0,0,0,0,0,0,0,0,0,0,0,0,0,0,0,0,0,0,0,0,0,0,0,0,0,0,0,0,0,0,0,0,0,0,0,0,0,0,0,0,0,0,0,0,0,0,0,0,0,0,0,0,0,0,0,0,0,0,0,0,0,0]} 1. d4 Nf6 2. c4 d6 3. Nc3 Bf5 4. f3 e5 5. d5 e4 6. g4 Bg6 {A53: Old Indian Defence without Nf3} ({Black should try} 6... Nxg4 $11 7. fxg4 Qh4+ {[%mdl 64] Double Attack} 8. Kd2 e3+ {[%mdl 64] Decoy} 9. Kxe3 Qg5+ 10. Kf3 Qxg4+ {[%mdl 64] Double Attack} 11. Ke3 Qg5+ 12. Kf2 Qh4+ {[%mdl 64] Double Attack} 13. Kg2 Qg4+ 14. Kf2 Qh4+ 15. Kg2 Qg4+ 16. Kf2 Qh4+) (6... Nxg4 7. fxg4 Qh4+ 8. Kd2 e3+ 9. Kxe3 Qg5+ 10. Kf2 Qh4+ 11. Ke3 Qg5+ 12. Kf2 Qh4+ 13. Ke3 Qg5+ {½-½ (13) Volkov,S (2568)-Sjugirov,S (2654) Khanty-Mansiysk 2018}) 7. g5 Nfd7 8. fxe4 h6 {White is slightly better.} 9. Nf3 hxg5 10. Bxg5 Be7 $1 {[%cal Re7g5]} 11. Qd2 $146 ({Predecessor:} 11. Bf4 Bf6 12. Qd2 Qe7 13. Bg2 Na6 14. O-O {1-0 (30) Leenhouts,K (2392)-Petre,N (2371) Condom 2013}) 11... Na6 12. O-O-O Nac5 13. Rg1 Rh5 14. h4 Bxg5 15. Rxg5 Rxg5 16. hxg5 Qe7 17. Qd4 Ne5 18. Bh3 Bh5 19. Nxe5 Qxg5+ 20. Kc2 Qxe5 21. Qxe5+ dxe5 22. b4 Na6 23. Kb3 Rd8 24. c5 f6 25. d6 ({Better is} 25. Rh1 $16) 25... Bf7+ 26. Ka3 c6 $2 {[#]} (26... cxd6 $11 {and Black is okay.} 27. cxd6 Bc4) 27. Bc8 $1 $18 {[%mdl 512]} g5 $2 (27... Rxc8 {was worth a try.} 28. d7+ {[%mdl 64] Double Attack} Kd8 29. dxc8=N+ (29. dxc8=R+ Kxc8 30. Rg1 g6 $18) 29... Kxc8) 28. Bxb7 {[%mdl 64] Double Attack} Nxb4 29. d7+ $2 ({Not} 29. Kxb4 Rb8 $14) (29. Nd5 $18 Nc2+ 30. Kb2) 29... Rxd7 $11 {The position is equal.} 30. Rxd7 Nc2+ 31. Kb2 Kxd7 32. Kxc2 Bc4 $1 33. a4 Kc7 34. Ba8 a5 35. Kd2 Bf7 36. Nd1 Be8 $1 37. Ne3 {Ng4 is the strong threat.} Kb8 38. Ng4 Kxa8 39. Nxf6 {[%mdl 4096] Endgame KB-KN} Bf7 40. Nd7 Kb7 41. Nxe5 Bb3 42. Kc3 $1 {[%cal Rc3b3]} Bxa4 43. Nc4 g4 44. Nxa5+ Ka6 {Threatens to win with ...g3.} 45. Nc4 g3 46. Ne3 Kb5 47. Kd4 Bb3 48. Ng2 Be6 49. Nf4 {Hoping for Ke5.} Bg4 50. e5 Kb4 51. Nd3+ Kb5 52. Nf4 Kb4 53. e4 Kb5 54. Ng2 Be6 55. Nh4 Bh3 56. Ke3 {And now Nf5 would win.} Kxc5 57. Nf5 {Black must now prevent e6.} g2 58. Kf2 {Strongly threatening e6.} Kb6 $1 59. Ne3 Kc7 60. Nxg2 Bxg2 {Accuracy: White = 72%, Black = 68%.} 1/2-1/2

[Event "1st Archibald 2019"]
[Site "Sochi"]
[Date "2019.05.12"]
[Round "1.5"]
[White "Esipenko, Andrey"]
[Black "Maltsevskaya, Aleksandra"]
[Result "1-0"]
[WhiteElo "2620"]
[BlackElo "2299"]
[Annotator "TA"]
[PlyCount "137"]
[EventDate "2019.05.12"]
[EventType "swiss"]
[EventCountry "RUS"]
[SourceTitle "playchess.com"]
[Source "ChessBase"]
[SourceQuality "1"]

{[%evp 13,137,5,27,19,36,0,44,43,46,49,70,26,31,24,43,24,37,0,54,48,59,40,53,0,34,31,62,64,52,8,12,8,8,-17,8,8,30,13,13,13,13,13,26,0,18,9,38,27,371,371,346,345,347,354,353,338,487,491,472,429,588,313,499,414,484,328,301,0,394,395,421,357,353,263,581,397,437,433,437,437,437,437,437,437,437,437,437,437,577,569,702,683,620,555,512,449,838,1280,1203,1191,1158,1109,970,899,1453,1695,1615,1508,1532,1245,4710,3764,2095,2563,5093,2729,29974,29975,29976,29978,29983,29984,29984,29985,29989,29990]} 1. e4 c6 2. d4 d5 3. e5 Bf5 4. Nf3 e6 5. Be2 c5 6. O-O Nc6 7. c3 Bg6 8. a3 {B12: Caro-Kann: Advance Variation} c4 (8... cxd4 9. cxd4 Nge7 10. b4 Nc8 11. Bg5 Be7 12. Bxe7 Qxe7 13. Nbd2 Nb6 14. Rc1 O-O 15. Qb3 a5 16. bxa5 Nc4 17. Nxc4 dxc4 18. Qxc4 Rxa5 19. a4 {½-½ (19) Dominguez Perez,L (2739)-Mamedyarov,S (2768) Doha 2016}) 9. Nbd2 Nge7 $146 ({Predecessor:} 9... Qb6 10. Nh4 Nge7 11. Bxc4 dxc4 12. Nxc4 Qc7 13. Nd6+ Kd7 14. c4 Nxd4 15. Be3 Nec6 16. Bxd4 Bxd6 17. exd6 Qxd6 18. Bxg7 {1-0 (35) Sjugirov,S (2663)-Maltsevskaya,A (2243) Khanty-Mansiysk 2018}) 10. Nh4 {White is slightly better.} Nf5 11. Nxg6 hxg6 12. Nf3 Be7 13. Re1 a6 14. g3 Na5 15. Nd2 Bg5 (15... b5 $11) 16. Rb1 $14 Bxd2 17. Bxd2 Nb3 18. Bf4 (18. h4 $14) 18... b5 19. Bg4 g5 20. Be3 g6 21. Bf3 Kd7 22. Bg2 Qe7 23. g4 Nh4 24. Bh1 Rh7 25. Rf1 Rah8 26. f4 gxf4 27. Rxf4 g5 28. Rf6 Ng6 29. Bxg5 Rxh2 30. Bg2 {[#] Black must now prevent Rxg6!} Nh4 $2 {[%mdl 8192]} (30... Qe8 $11) 31. Kxh2 $18 Nf3+ 32. Kg3 Nxg5 33. Qe2 Qf8 34. Qe3 Qg8 (34... Qg7 $142 35. Rh1 Rxh1 36. Bxh1 Ke8) 35. Rh1 Rxh1 36. Bxh1 Nh7 37. Rf1 Ng5 (37... Qg6 $142 38. Bf3 Ng5) 38. Bg2 Qg6 39. Qf4 Ke8 40. Qe3 $2 ({White should try} 40. Rf2 $18) 40... Ke7 $2 {[%mdl 8192]} (40... Kd7 $1 $11 {and Black is okay.} 41. Rh1 Ke7) 41. Rf6 Qg7 42. Kh4 Nh7 43. Qh6 Qg8 $2 (43... Kf8 {is more resistant.}) 44. Rf1 Ke8 45. Bf3 Nf8 46. Bd1 Qg6 47. Qxg6 Nxg6+ {[%mdl 4096] Endgame KRB-KNN} 48. Kg3 Nd2 49. Rh1 Kf8 50. Bc2 Kg7 51. Kf2 a5 52. Ke3 Nb3 53. Bxb3 cxb3 {[#] KR-KN} 54. a4 $1 {[%cal Ba3a4,Ba4b5][%mdl 32]} Ne7 (54... bxa4 $142 55. Ra1 Nf8 56. Rxa4 Nd7 57. Rxa5 Nb6) 55. axb5 Nc8 56. c4 dxc4 57. Kd2 Nb6 58. Kc3 f6 59. exf6+ Kxf6 60. Ra1 a4 61. Kb4 Kg5 62. Rxa4 c3 63. Ra1 cxb2 64. Rb1 Kxg4 65. Rxb2 {White mates.} Kf4 66. Rxb3 Ke4 67. Kc5 Na4+ 68. Kc6 Kxd4 69. Rb4+ {[%mdl 64] Double Attack. Accuracy: White = 67%, Black = 36%.} 1-0

[Event "1st Archibald 2019"]
[Site "Sochi"]
[Date "2019.05.12"]
[Round "1.6"]
[White "Alexeev, Alexey"]
[Black "Khalifman, Alexander"]
[Result "0-1"]
[WhiteElo "2292"]
[BlackElo "2616"]
[Annotator "RC"]
[PlyCount "118"]
[EventDate "2019.05.12"]
[EventType "swiss"]
[EventCountry "RUS"]
[SourceTitle "playchess.com"]
[Source "ChessBase"]
[SourceQuality "1"]
[TimeControl "5400+30"]

1. e4 {[%emt 0:00:00]} c5 {[%emt 0:00:00]} 2. Nf3 {[%emt 0:00:00]} e6 {[%emt 0:00:00]} 3. g3 {[%emt 0:00:00]} Nc6 {[%emt 0:00:05]} 4. Bg2 {[%emt 0:00:02]} Nf6 {[%emt 0:00:08]} 5. Qe2 {[%emt 0:00:13]} e5 {[%emt 0:00:00]} 6. O-O {[%emt 0:01:23]} Be7 {[%emt 0:00:54]} 7. c3 {[%emt 0:00:32]} O-O {[%emt 0:00:09]} 8. Na3 {[%emt 0:00:20]} Re8 {[%emt 0:01:00]} 9. d3 {[%emt 0:04:43]} h6 {[%emt 0:04:06]} 10. Nc4 {[%emt 0:01:21]} Bf8 {[%emt 0:01:26]} 11. Ne3 {[%emt 0:10:00]} d5 {[%emt 0:01:24]} 12. Nh4 {[%emt 0:02:06]} Be6 {[%emt 0:03:55]} 13. Qf3 {[%emt 0:02:04]} Ne7 {[%emt 0:13:20]} 14. Nhf5 {[%emt 0:03:07]} d4 {[%emt 0:17:55]} 15. Nxe7+ {[%emt 0:07:26]} Bxe7 {[%emt 0:04:15]} 16. Nd5 {[%emt 0:02:28]} Qd7 {[%emt 0:03:50]} 17. Nxe7+ {[%emt 0:09:51]} Rxe7 {[%emt 0:01:17]} 18. Qe2 {[%emt 0:03:26]} dxc3 {[%emt 0:03:06]} 19. bxc3 {[%emt 0:01:07]} c4 {[%emt 0:01:25]} 20. dxc4 {[%emt 0:06:20]} Qa4 {[%emt 0:01:43]} 21. Re1 {[%emt 0:01:21]} Rc7 {[%emt 0:03:43]} 22. h3 {[%emt 0:06:33]} Rxc4 {[%emt 0:04:07]} 23. Qf3 {[%emt 0:03:48]} Nd7 {[%emt 0:02:49]} 24. Bf1 {[%emt 0:03:39]} Rc7 {[%emt 0:00:48]} 25. Qe3 {[%emt 0:09:31]} Bc4 {[%emt 0:00:32]} 26. Bg2 {[%emt 0:00:29]} Nc5 {[%emt 0:01:04]} 27. Bd2 {[%emt 0:02:30]} Rd8 {[%emt 0:02:44]} 28. Reb1 {[%emt 0:04:15]} b5 {[%emt 0:01:07]} 29. Be1 {[%emt 0:02:35]} Qc2 {[%emt 0:04:14]} 30. Rc1 {[%emt 0:02:23]} Qd3 {[%emt 0:02:19]} 31. Qxd3 {[%emt 0:03:35]} Nxd3 {[%emt 0:00:00]} 32. Rd1 {[%emt 0:00:00]} Rdd7 {[%emt 0:01:00]} 33. Bf1 {[%emt 0:06:11]} Nxe1 {[%emt 0:00:36]} 34. Rxd7 {[%emt 0:00:41]} Nf3+ {[%emt 0:01:11]} 35. Kg2 {[%emt 0:00:34]} Bxf1+ {[%emt 0:01:23]} 36. Rxf1 {[%emt 0:00:23]} Rxd7 {[%emt 0:00:10]} 37. Kxf3 {[%emt 0:00:04]} Rd3+ {[%emt 0:00:00]} 38. Kg2 {[%emt 0:00:28]} Rxc3 {[%emt 0:00:25]} 39. Rb1 {[%emt 0:00:22]} Rc5 {[%emt 0:02:33]} 40. Rd1 {[%emt 0:01:06]} a5 {[%emt 0:04:00]} 41. Rd8+ {[%emt 0:00:25]} Kh7 {[%emt 0:00:06]} 42. h4 {[%emt 0:01:40]} Kg6 {[%emt 0:01:27]} 43. Rd6+ {[%emt 0:00:00]} f6 {[%emt 0:00:08]} 44. Rd7 {[%emt 0:00:00]} h5 {[%emt 0:03:15]} 45. Ra7 {[%emt 0:00:32]} a4 {[%emt 0:02:50]} 46. a3 {[%emt 0:00:42]} Rc3 {[%emt 0:00:33]} 47. Rb7 {[%emt 0:00:49]} Rb3 {[%emt 0:00:12]} 48. f3 {[%emt 0:00:19]} Rb2+ {[%emt 0:00:21]} 49. Kh3 {[%emt 0:00:10]} Rf2 {[%emt 0:00:00]} 50. Rxb5 {[%emt 0:00:33]} Rxf3 {[%emt 0:00:19]} 51. Ra5 {[%emt 0:00:46]} Rxa3 {[%emt 0:00:00]} 52. Ra7 {[%emt 0:00:17]} Ra1 {[%emt 0:00:17]} 53. Kg2 {[%emt 0:00:12]} a3 {[%emt 0:00:07]} 54. Kh2 {[%emt 0:00:43]} a2 {[%emt 0:00:40]} 55. Kg2 {[%emt 0:00:05]} f5 {[%emt 0:00:28]} 56. Ra6+ {[%emt 0:00:24]} Kh7 {[%emt 0:00:30]} 57. exf5 {[%emt 0:00:42]} e4 {[%emt 0:00:05]} 58. Ra3 {[%emt 0:00:33]} e3 {[%emt 0:00:10]} 59. Rxe3 {[%emt 0:00:28]} Rb1 {[%emt 0:00:08]} 0-1

[Event "1st Archibald 2019"]
[Site "Sochi"]
[Date "2019.05.12"]
[Round "1.7"]
[White "Aleksandrov, Aleksej"]
[Black "Makoveev, Ilya"]
[Result "1-0"]
[WhiteElo "2603"]
[BlackElo "2290"]
[Annotator "TA"]
[PlyCount "113"]
[EventDate "2019.05.12"]
[EventType "swiss"]
[EventCountry "RUS"]
[SourceTitle "playchess.com"]
[Source "ChessBase"]
[SourceQuality "1"]

{[%evp 13,114,0,0,0,0,0,0,-6,0,0,0,-9,0,0,0,0,0,0,8,6,14,9,42,40,43,35,40,31,37,37,43,6,6,12,11,14,19,0,0,0,0,0,0,0,11,0,0,0,0,0,0,0,0,-18,0,-10,0,0,0,0,0,-22,-22,-28,-24,-29,0,-16,0,-22,0,0,0,0,0,0,0,0,52,52,91,91,108,108,368,368,552,539,29962,29967,29964,29961,29963,29960,29969,29969,29974,29969,29984,29977,29976,29976,29986]} 1. d4 Nf6 2. c4 e6 3. Nc3 Bb4 4. e3 O-O 5. Bd2 d5 6. Nf3 b6 7. Rc1 Bb7 8. Bd3 {E51: Nimzo-Indian: Rubinstein: 4...0-0 5 Nf3 d5} (8. cxd5 exd5 9. Be2 a6 10. O-O Bd6 11. Ne5 c5 12. Be1 b5 13. f4 cxd4 14. exd4 Nbd7 15. Bh4 Be7 {1-0 (41) Matlakov,M (2694)-Anton Guijarro,D (2650) Tallinn 2016}) 8... c5 9. a3 dxc4 $146 ({Predecessor:} 9... Bxc3 10. Bxc3 cxd4 11. Bxd4 Nc6 12. c5 Nd7 13. cxb6 e5 14. Rxc6 Bxc6 15. Nxe5 Nxe5 16. Bxe5 {½-½ (72) Garcia Palermo,C (2520)-Sokolov,A (2550) Luzern 1985}) 10. Bxc4 {The position is equal.} cxd4 11. axb4 dxc3 12. Bxc3 Ne4 13. Qxd8 Rxd8 14. Ke2 Nxc3+ 15. Rxc3 Na6 $132 {[%mdl 2048] Black puts up resistance} 16. b5 Nc5 17. Ra1 a5 18. bxa6 $1 Nxa6 19. Ne5 Nc5 20. Rxa8 Rxa8 21. f3 Ra4 22. e4 Kf8 23. Ke3 Ke7 24. h4 Rb4 25. b3 f6 26. Nd3 Nxd3 27. Bxd3 $11 {[%mdl 4096] Endgame KRB-KRB} Kd6 28. g4 Bc6 29. Bc2 Rb5 30. Rd3+ Ke7 31. Rd1 Rc5 32. Kd2 Ra5 33. Kc3 Ra2 34. f4 e5 35. fxe5 fxe5 36. g5 Ra8 37. h5 Rc8 {Threatens to win with ...Bxe4+.} 38. Kb2 Rf8 39. Ra1 Ra8 {Hoping for ...Rxa1.} 40. Rc1 Rf8 41. Ra1 Ra8 {Strongly threatening ...Rxa1.} 42. Rh1 Rf8 43. h6 Rf2 {And now ...gxh6 would win.} 44. hxg7 {[%mdl 64] Discovered Attack} Kf7 45. Kb1 Kxg7 (45... Rf4 $11) 46. Rh6 $14 Ba8 {[#]} 47. Re6 $1 Rg2 48. Rxe5 Kg6 $2 {[%mdl 8192] [#]} (48... Kf7 $16 49. Kb2 Bc6) 49. Re8 $1 $18 Bb7 (49... Bc6 {is a better defense.} 50. Re6+ {[%mdl 64] Double Attack} Kxg5 51. Rxc6 h5 52. Rxb6 h4 53. Rb5+ Kh6) 50. Rb8 Rxc2 51. Kxc2 {White mates.} Bxe4+ {KR-KB} 52. Kd2 Kxg5 53. Rxb6 Kf4 54. b4 {[%cal Bb3b4,Bb4b5][%mdl 32]} h5 55. Rh6 Bf3 56. b5 Kg5 {[#]} 57. Rh7 {Played: Kd2-e3} 1-0

[Event "1st Archibald 2019"]
[Site "Sochi"]
[Date "2019.05.12"]
[Round "1.8"]
[White "Yandarbiev, Ruslan"]
[Black "Bogdanovich, Stanislav"]
[Result "0-1"]
[WhiteElo "2279"]
[BlackElo "2581"]
[Annotator "TA"]
[PlyCount "34"]
[EventDate "2019.05.12"]
[EventType "swiss"]
[EventCountry "RUS"]
[SourceTitle "playchess.com"]
[Source "ChessBase"]
[SourceQuality "1"]

{[%evp 9,72,32,50,31,39,43,104,40,39,28,33,22,100,93,101,71,77,74,101,60,102,75,73,64,38,25,84,79,86,87,87,83,107,69,61,68,175,159,158,104,127,47,47,51,84,25,20,0,0,0,0,0,0,-402,-414,-404,-389,-2155,-527,-628,-532,-29989,-29990,-29994,-29995]} 1. e4 d5 2. exd5 Qxd5 3. Nc3 Qa5 4. d4 c6 5. Bc4 Bf5 6. Nf3 {B01: Scandinavian Defence} Nd7 (6... e6 7. Bd2 Nf6 8. Nd5 Qd8 9. Nxf6+ gxf6 10. Qe2 Nd7 11. O-O Bg6 12. Rae1 Qc7 13. Nh4 O-O-O 14. g3 Nb6 15. Ba5 Bh6 16. Rb1 Rd7 17. Qf3 Bg7 18. Bb3 Rhd8 19. Nxg6 hxg6 20. c3 f5 21. h4 c5 22. dxc5 {½-½ (22) Vidit,S (2701)-Megaranto,S (2512) Makati 2018}) 7. Bd2 e6 {[#]} ({Black should play} 7... Ngf6 $14) 8. Nh4 (8. d5 $1 $16) 8... Bg6 $14 9. Nxg6 hxg6 10. Qe2 Qh5 {[#]} (10... Bb4 $11) 11. g4 $1 $16 {[%cal Rg4h5]} Qh4 12. d5 $146 ({Predecessor:} 12. O-O-O O-O-O 13. Ne4 Qe7 14. Bf4 Nb6 15. Bb3 {1-0 (28) Luther,T (2552)-Wong,M (2301) Petaling Jaya 2013}) 12... cxd5 13. Bxd5 Ngf6 14. Bxb7 Rb8 15. Bc6 {aiming for 0-0-0.} Rxb2 16. g5 Rb6 17. Ba4 Rb4 {Played: Nf6-d5} 0-1

[Event "1st Archibald 2019"]
[Site "Sochi"]
[Date "2019.05.12"]
[Round "1.9"]
[White "Volkov, Sergey"]
[Black "Isanzhulov, Arystan"]
[Result "1-0"]
[WhiteElo "2572"]
[BlackElo "2254"]
[Annotator "TA"]
[PlyCount "43"]
[EventDate "2019.05.12"]
[EventType "swiss"]
[EventCountry "RUS"]
[SourceTitle "playchess.com"]
[Source "ChessBase"]
[SourceQuality "1"]

{[%evp 12,62,50,27,25,21,35,12,17,10,7,0,5,-5,13,24,20,18,6,-14,-14,-3,3,18,23,7,15,17,66,59,66,47,35,45,58,52,83,52,58,27,30,0,8,0,67,41,36,0,31,2,23,22,59]} 1. d4 d5 2. c4 e6 3. Nc3 Nf6 4. cxd5 Nxd5 5. e4 Nxc3 6. bxc3 c5 7. Rb1 Be7 {D35: Queen's Gambit Declined: Exchange Variation} 8. Nf3 O-O 9. Bc4 Nc6 10. O-O b6 11. Bf4 Bb7 12. Qd2 $146 ({Predecessor:} 12. Re1 cxd4 13. cxd4 Nb4 14. Qd2 Nc6 15. d5 {½-½ (31) Svidler,P (2755)-Radjabov,T (2710) Moscow 2017}) 12... Rc8 {Threatening ...cxd4.} 13. Rfd1 cxd4 14. cxd4 Bd6 15. Bg3 Bxg3 16. hxg3 Nb8 {[%cal Bc6b8,Bb8d7,Bd7c5][%mdl 32]} 17. Bd3 Nd7 18. a4 Bc6 19. Ra1 a5 20. d5 Bb7 21. dxe6 fxe6 22. Qe3 {Played: Bd3-a6} 1-0